Los Reyes Católicos en Sevilla (1477-78) / (Record no. 68683)

MARC details
000 -LEADER
campo de control de longitud fija 00872nam a2200241 i 4500
001 - NÚMERO DE CONTROL
campo de control 68683
003 - IDENTIFICADOR DE NÚMERO DE CONTROL
campo de control ES-MaACL
005 - FECHA Y HORA DE LA ÚLTIMA TRANSACCIÓN
campo de control 20251120063132.0
007 - CAMPO FIJO DE DESCRIPCIÓN FÍSICA--INFORMACIÓN GENERAL
campo de control de longitud fija t|
008 - DATOS DE LONGITUD FIJA--INFORMACIÓN GENERAL
campo de control de longitud fija 960827s1891 sp ||||1| spa d
040 ## - FUENTE DE CATALOGACIÓN
Centro catalogador/agencia de origen CAM
Lengua de catalogación spa
Centro/agencia transcriptor CAM
100 1# - ENTRADA PRINCIPAL--NOMBRE DE PERSONA
Nombre de persona Gestoso y Pérez, José,
Fechas asociadas al nombre 1852-1917
9 (RLIN) 56532
245 14 - MENCIÓN DEL TÍTULO
Título Los Reyes Católicos en Sevilla (1477-78) /
Mención de responsabilidad, etc. por José Gestoso y Pérez.
260 ## - PUBLICACIÓN, DISTRIBUCIÓN, ETC.
Lugar de publicación, distribución, etc. Sevilla :
Nombre del editor, distribuidor, etc. [s.n.],
Fecha de publicación, distribución, etc. 1891 (
Fabricante Oficina de la Revista de Tribunales)
300 ## - DESCRIPCIÓN FÍSICA
Extensión 70 p. ;
Dimensiones 25 cm.
530 ## - NOTA DISPONIBLE DE FORMULARIO FÍSICO ADICIONAL
Nota de formato físico adicional disponible Disponible en formato digital.
651 #4 - PUNTO DE ACCESO ADICIONAL DE MATERIA--NOMBRE GEOGRÁFICO
Nombre geográfico Sevilla-
Subdivisión general Historia-
Subdivisión cronológica S.XV.
9 (RLIN) 165234
651 ## - PUNTO DE ACCESO ADICIONAL DE MATERIA--NOMBRE GEOGRÁFICO
Nombre geográfico España-
Subdivisión general Historia-
Subdivisión cronológica 1474-1516, Reyes Católicos.
9 (RLIN) 8222
852 ## - LOCALIZACIÓN
Ubicación ES-MaACL
Número de control de estantería T-1066-F-4
852 ## - LOCALIZACIÓN
Ubicación ES-MaACL
Número de control de estantería T-1399-F-5
856 ## - LOCALIZACIÓN Y ACCESO ELECTRÓNICOS
Identificador Uniforme de Recursos <a href="http://bdh-rd.bne.es/viewer.vm?id=0000055372&page=1 ">http://bdh-rd.bne.es/viewer.vm?id=0000055372&page=1 </a>
Nota pública Biblioteca Digital Hispánica
Holdings
Estatus retirado Estado de pérdida Estado de daño No para préstamo Colección Biblioteca de origen Biblioteca actual Ubicación en estantería Fecha de adquisición Fuente de adquisición Total de préstamos Signatura topográfica completa Código de barras Visto por última vez Precio de reemplazo Tipo de ítem Koha
        Colección de folletos Biblioteca del Ateneo de Madrid Biblioteca del Ateneo de Madrid Depósito folletos 17/01/2008     T-1399-F-5 1071907 23/02/2023 23/02/2023 Folleto
        Colección de folletos Biblioteca del Ateneo de Madrid Biblioteca del Ateneo de Madrid Depósito folletos 17/01/2008     T-1066-F-4 1071906 23/02/2023 23/02/2023 Folleto